000 00616nam a2200229Ia 4500
003 BUBTL
008 151213s9999 xx 000 0 und d
020 _a0-08-036285-0
082 _a658.848
_bTHM
100 _aH. B. Thorelle
245 _aInternational Marketing Strategy
_cH. B. Thorelle
250 _a3rd
260 _aNew York
_bPerganon
_c1990
300 _a[x], 640p . :
_bill, Table, 24cm ;
_cMarketing.
500 _aIncludes Index.
650 _aMarketing
650 _aMarketing
700 _aH. B. Thorelle
856 _k0
_l0
_yDownload
942 _2ddc
_cBK
999 _c1833
_d1833